|
|
|
|
| LEADER |
01844cas a2200277 a 4500 |
| 001 |
AALejournalIMF022249 |
| 008 |
230101c9999 xx r poo 0 0eng d |
| 020 |
|
|
|c 5.00 USD
|
| 020 |
|
|
|z 9781616358471
|
| 022 |
|
|
|a 2663-3493
|
| 040 |
|
|
|a BD-DhAAL
|c BD-DhAAL
|
| 110 |
2 |
|
|a International Monetary Fund.
|b Finance Dept.
|
| 245 |
1 |
0 |
|a Catastrophe Containment and Relief Trust-Fifth Tranche of Debt Service Relief in The Context of The COVID-19 Pandemic.
|
| 264 |
|
1 |
|a Washington, D.C. :
|b International Monetary Fund,
|c 2021.
|
| 300 |
|
|
|a 1 online resource (12 pages)
|
| 490 |
1 |
|
|a Policy Papers
|
| 500 |
|
|
|a <strong>Off-Campus Access:</strong> No User ID or Password Required
|
| 500 |
|
|
|a <strong>On-Campus Access:</strong> No User ID or Password Required
|
| 506 |
|
|
|a Electronic access restricted to authorized BRAC University faculty, staff and students
|
| 520 |
3 |
|
|a The Executive Board approved a two-step approach consisting of (i) an immediate approval of the disbursement of a fourth tranche of debt service relief to all qualified beneficiary countries covering the period from October 16, 2021 through January 10, 2022, and (ii) consideration by January 2022 of a final tranche of CCRT debt service relief through April 13, 2022 based on a brief Board paper with an assessment of resources at that time. In accordance with the two-step approach, this paper provides a brief overview on recent developments in CCRT-eligible countries followed by an update on the CCRT's funding status and resources assessment.
|
| 538 |
|
|
|a Mode of access: Internet
|
| 650 |
|
7 |
|a CCRT
|2 imf
|
| 650 |
|
7 |
|a Monetary Policy
|2 imf
|
| 650 |
|
7 |
|a Political Economy
|2 imf
|
| 830 |
|
0 |
|a Policy Papers; Policy Paper ;
|v No. 2021/074
|
| 856 |
4 |
0 |
|z Full text available on IMF
|u http://elibrary.imf.org/view/journals/007/2021/074/007.2021.issue-074-en.xml
|z IMF e-Library
|